000 00580nam a2200229Ia 4500
003 OSt
005 20220923230002.0
006 a|||||r|||| 00| 0
007 ta
008 Pun
024 _a276,523
037 _cTextual
040 _aARTS
_cARTS
_bPun
041 _2Pun
_aPun
082 _aO153,2NKA,RD, J6
100 _aਸਿੰਘ, ਕਪੂਰ
245 0 _aਰੱਬ ਦੇ ਰੰਗ
260 _c1956
650 _aਪੰਜਾਬੀ ਸਾਹਿਤ
942 _hO153,2NKA,RD, J6
_cTEXL
_2CC
999 _c381775
_d381775